000 00279nam a22001337a 4500
008 230913b ||||| |||| 00| 0 eng d
041 _aeng
080 _a521
082 _a521MER
100 _a19
101 _aASTRO
245 _aSPACE CHEMISTRY
_cMERRILL.P
942 _2udc
_cBK
999 _c60356
_d60356